000 00520nam a2200169 i 4500
001 51622
003 ES-MaACL
005 20230906162409.0
007 t|
008 030814s1970 sp ||||1| spa d
100 1 _aChico González, Pedro.
_938490
245 1 3 _aEl misterio de la vida religiosa
_b: revisiones comunitarias /
_cP. Chico González.
250 _a[2ª ed.].
260 _a[Burgos :
_bCentro Vocacional "La Salle",
_c1970]
300 _a10 fasc. en 1 v. ;
_c22 cm.
852 _aES-MaACL
_jC-46149
_bR.76139
999 _c51622
_d51622